Vol. A : Introduction general contents authors index; Structural mechanics in reactor technology

Detaylı Bibliyografya
Parent link:Structural mechanics in reactor technology: Transactions of the 6-th International Conference, Paris, France 17-21 August 1981. Vol. A : Introduction general contents authors index.— , 1981
Dil:İngilizce
Baskı/Yayın Bilgisi: 1981
Konular:
Materyal Türü: MixedMaterials Kitap
KOHA link:https://koha.lib.tpu.ru/cgi-bin/koha/opac-detail.pl?biblionumber=297133

MARC

LEADER 00000nam2a2200000 4500
001 297133
005 20231102000957.0
035 |a (RuTPU)RU\TPU\book\322253 
035 |a RU\TPU\book\322249 
090 |a 297133 
100 |a 20150605d1981 km y0engy50 ba 
101 0 |a eng 
102 |a FX 
105 |a y z 101zy 
200 0 |a Vol. A : Introduction general contents authors index 
210 |d 1981 
215 |a 242 p.  |c il. 
320 |a Библиогр.: с. 
320 |a Autor index: p. 203-242 
461 1 |0 (RuTPU)RU\TPU\book\348115  |t Structural mechanics in reactor technology  |o Transactions of the 6-th International Conference, Paris, France 17-21 August 1981  |v Vol. A : Introduction general contents authors index  |d 1981 
606 1 |a Ядерные реакторы  |2 stltpush  |3 (RuTPU)RU\TPU\subj\21616  |9 46573 
610 1 |a конференции 
610 1 |a Париж 
610 1 |a ядерные технологии 
610 1 |a тематика 
610 1 |a сессии 
610 1 |a группы 
610 1 |a программы 
610 1 |a расписание 
610 1 |a авторы 
610 1 |a индексы 
610 1 |a английский язык 
675 |a 621.039.5(063)  |v 4 
801 1 |a RU  |b 63413507  |c 20150605 
801 2 |a RU  |b 63413507  |c 20181108  |g RCR 
942 |c BK